Handbook on Special Education and Children With Special Needs/ (Record no. 178729)
[ view plain ]
| 000 -LEADER | |
|---|---|
| fixed length control field | 00830nam a22002297a 4500 |
| 005 - DATE AND TIME OF LATEST TRANSACTION | |
| control field | 20210412141722.0 |
| 010 ## - LCCN (DPL NO) | |
| LC control number | ENG-129437 |
| 020 ## - INTERNATIONAL STANDARD BOOK NUMBER | |
| Terms of availability | 795.00 |
| International Standard Book Number | 978-93-88016-67-4 |
| 035 ## - SYSTEM CONTROL NUMBER | |
| System control number | EN-112969 |
| 037 ## - SOURCE OF ACQUISITION | |
| Source of stock number/acquisition | DBAD/PUB |
| 082 ## - DEWEY DECIMAL CLASSIFICATION NUMBER | |
| Classification number | 371.9 |
| 100 ## - MAIN ENTRY--PERSONAL NAME | |
| Personal name | Jasmer Singh |
| 245 ## - TITLE STATEMENT | |
| Title | Handbook on Special Education and Children With Special Needs/ |
| Remainder of title | Jasmer Singh, et. al. |
| 260 ## - PUBLICATION, DISTRIBUTION, ETC. (IMPRINT) | |
| Place of publication, distribution, etc | New Delhi |
| Name of publisher, distributor, etc | Neelkamal Publications |
| Date of publication, distribution, etc | 2019 |
| 270 ## - ADDRESS | |
| Address | 4764/1, 23, Ansari Road, Daryaganj |
| City | New Delhi |
| Postal code | 110002 |
| Telephone number | 011-23244237, 98118-28953 |
| Electronic mail address | neelkamalbooks@gmail.com |
| 300 ## - PHYSICAL DESCRIPTION | |
| Extent | xviii+498p. |
| Dimensions | 24cm(pbk) |
| Other physical details | including illustrations, Bibliographical references and index. |
| 700 ## - ADDED ENTRY--PERSONAL NAME | |
| Personal name | Jasmer Singh |
| 700 ## - ADDED ENTRY--PERSONAL NAME | |
| Personal name | G. Sri Krishna |
| 700 ## - ADDED ENTRY--PERSONAL NAME | |
| Personal name | Mishra, Premananda |
| 700 ## - ADDED ENTRY--PERSONAL NAME | |
| Personal name | Reddy, K. Srinivas |
| 942 ## - ADDED ENTRY ELEMENTS (KOHA) | |
| Source of classification or shelving scheme | Dewey Decimal Classification |
| Item type | English Books |
| Classification part | 371.9 |
| Call number suffix | HAN |
| Withdrawn status | Lost status | Not for loan | Home library | Current library | Date acquired | Source of acquisition | Cost, normal purchase price | Full call number | Barcode | Copy number | Cost, replacement price | Koha item type |
|---|---|---|---|---|---|---|---|---|---|---|---|---|
| Ashok Vihar | Ashok Vihar | 12/04/2021 | DBAD/PUB | 795.00 | 371.9 HAN | EN-112969 | 1 | 795.00 | English Books |
